1788 1733 1345 1220 1883 1405 1525 1211 1499 1515 1251 1180 1814 1291 1000 1522 1828 1424 1410 1902 1558 1877 1854 1348 1994 1653 1600 1985 1460 1463 1492 1248 1239 1493 1316 1943 1702 1958 1908 1909 1168 1146 1395 1181 1407 1315 1629 1219 1235 1518 1106 1426 1279 1364 1688 1087 1835 1623 1364 1084 1448 1671 1962 1946 1603 1748 1924 1518 1556 1390 1154 1099 1711 1218 1526 1848 1702 1051 1409 1860 1460 1722 1781 1587 1121 1581 1454 1265 1402 1240 1787 1904 1607 1151 1953 1028 1618 1797 1990 BCNSPRNW ULIB Ver.6.0+V

เปลี่ยนเป็นภาษาไทย

Change to English
 แสดงรายละเอียดบรรณานุกรม
  กลับหน้าหลัก

Brief Record : Get Marc (ISO 2709) : E-mail record : QR code < ปิดหน้าต่าง
LEADER : 00000nam 2200000uu 4500
001    13399123955
003     ULIB
008    141215s2555||||th 000 0 tha d
020    ^a9786162844232
060  4 ^aWU600^bอ622ก
100 0  ^aอาทิพันธุ์ พิมพ์ขาวขำ.
245 10 ^aการผ่าตัดแก้ไขปากแหว่งข้างเดียวด้วยเทคนิคการใช้แผ่นเนื้อเยื่อสามเหลี่ยม /^cอาทิพันธุ์ พิมพ์ขาวขำ.
260    ^aกรุงเทพฯ :^bภาควิชาศัลยศาสตร์ คณะทันตแพทยศาสตร์ จุฬาลงกรณ์มหาวิทยาลัย,^c2555.
300    ^a160 หน้า :^bภาพประกอบ ;^c25 ซม.
650  7 ^aปากแหว่ง, ศัลยกรรม ^xในวัยทารกและเด็ก
650  7 ^aปากแหว่ง ^xในวัยทารกและเด็ก ^xการรักษา
710 1  ^aจุฬาลงกรณ์มหาวิทยาลัย.^bคณะทันตแพทยศาสตร์.^bภาควิชาศัลยศาสตร์.
945    ^p700^l0^i22774
945    ^p700^l0^i22775
999    ^aทศพร เกษรทอง
รายการนี้ยังไม่มีแท็ก
คุณยังไม่ได้ล็อกอิน คุณสามารถมีกิจกรรมร่วมกับเว็บไซต์ได้ แต่ต้องล็อกอินก่อน ::
  ล็อกอิน

รายการสื่อสารสนเทศ

ลำดับที่ ประเภท เลขเรียก/บาร์โค้ด สถานที่ สถานะ
1. วิทยาศาสตร์การแพทย์ และสุขภาพ
วิทยาศาสตร์การแพทย์ และสุขภาพ
สถานะ=หนังสือเก่า
WU600 อ622ก ฉ.1 
  Barcode: 22774
ห้องสมุดวิทยาเขตนครสวรรค์
►ส่วนจัดเก็บหนังสือเก่า นว.
บนชั้น
  ขอยืม
2. วิทยาศาสตร์การแพทย์ และสุขภาพ
วิทยาศาสตร์การแพทย์ และสุขภาพ
สถานะ=หนังสือเก่า
WU600 อ622ก ฉ.2 
  Barcode: 22775
ห้องสมุดวิทยาเขตนครสวรรค์
►ส่วนจัดเก็บหนังสือเก่า นว.
บนชั้น
  ขอยืม

รายการใกล้เคียง
    ผู้แต่ง [อาทิพันธุ์ พิมพ์ขาวขำ.]

BibComment


ยังไม่เคยถูกคอมเมนท์

คอมเมนท์ทรัพยากรรายการนี้
  คอมเมนท์: การผ่าตัดแก้ไขปา..


 Copyright 2026. Bcnsprnw @Library